000
00314nam a2200133Ia 4500
005
20260326100038.0
008
260326s9999||||xx |||||||||||||| ||und||
100
_a
Tarragó, Salvador
245
0
_a
Gaudí /
_c
Salvador Tarragó
260
_b
Escudo de Oro
300
_a
125 p.
650
_a
ARQUITECTOS
942
_c
BK
999
_c
6894
_d
6894